LEADER 01124nam a2200265 i 4500 001 000000163504 003 CaOOAMICUS 005 20071029000000.0 008 071029s2004 it u000 u ita u 013 $a140868 020 $a88-7601-001-7 040 $aSeMil$bita 100 1 $aPozzi, Antonia,$d<1912-1938>.$0(OLS)http://semarc/name/56265 245 10$aPoesia, mi confesso con Te :$bultime poesie inedite, 1929-1933 /$cAntonia Pozzi ; a cura di Onorina Dino. 260 $aMilano :$bViennepierre,$c2004. 300 $a90 p., [16] p. di tav. ;$c21 cm. 490 0 $aParabordi ;$v36. 700 1 $aDino, Onorina.$0(OLS)http://semarc/name/56267 830 0$aParabordi ;$v36.$0(OLS)http://semarc/title/24537 850 $aSeMil 852 $aSeMil$W1$xVenegono$y1$m1O III 81$j114798$B114798$CSeMilBibl$Z2$F127874 $81 961 $aOmaggio: Martinelli don Romano 996 $6020$a88-7601-001-7$9(OLS)http://semarc/number/149585 996 $6245$aPoesia, mi confesso con Te :$bultime poesie inedite, 1929-1933$9(OLS)http://semarc/title/233282 996 $6260$aMilano :$bViennepierre$9(OLS)http://semarc/publisher/34653 LEADER 01180nam a2200277 i 4500 001 000000221194 003 CaOOAMICUS 005 20251203143255.0 008 130626s1990 it u000 u ita u 013 $a200091 040 $aSeMil$bita 100 1 $aHemingway, Ernest,$d<1898-1961>.$0(OLS)http://semarc/name/6998 240 14$aThe sun also rises.$0(OLS)http://semarc/title/429296 245 10$aFiesta /$cErnest Hemingway ; traduzione di Ettore Capriolo. 264 1$a[S.l.] :$bFamiglia Cristiana,$c1990. 300 $aXII, 243 p. ;$c21 cm. 490 1 $aNovecento mondiale. I grandi della narrativa ;$v2 500 $aEdizione speciale per Famiglia Cristiana. 700 1 $aCapriolo, Ettore,$d<1926-2013>.$0(OLS)http://semarc/name/17318 830 0$aNovecento mondiale. I grandi della narrativa ;$v2.$0(OLS)http://semarc/title/24770 850 $aSeMil 852 $aSeMil$W1$xVenegono$y1$m1V I 213$j171545$B171545$CSeMilBibl$Z2$F187470 $81 961 $aLascito: Schieppati don Giorgio 996 $6245$aFiesta$9(OLS)http://semarc/title/145414 996 $6264$a[S.l.] :$bFamiglia Cristiana$9(OLS)http://semarc/publisher/33580